[Event "Ehrat Memorial (SUI-GER m)"]
[Site "Zuerich"]
[Date "1999.08.15"]
[Round "3"]
[White "Zueger, Beat"]
[Black "Vogt, Lothar"]
[Result "1/2-1/2"]
[WhiteElo "2434"]
[BlackElo "2485"]
[Annotator "Alterman,B"]
[PlyCount "73"]
[EventDate "1999.08.13"]
[EventType "schev"]
[EventRounds "10"]
[EventCountry "SUI"]
[SourceTitle "CBM 073"]
[Source "ChessBase"]
[SourceDate "1999.12.01"]
[SourceVersion "1"]
[SourceVersionDate "1999.12.01"]
[SourceQuality "1"]
[WhiteTeam "Switzerland"]
[BlackTeam "Germany"]
[WhiteTeamCountry "SUI"]
[BlackTeamCountry "GER"]

1. Nf3 c5 2. c4 g6 3. d4 cxd4 4. Nxd4 Nc6 5. e4 Nf6 6. Nc3 d6 7. Nc2 Bg7 8. Be2
O-O 9. O-O Be6 10. Be3 Qa5 (10... Rc8 11. f3 (11. Rc1 Qa5 12. Bd2 Qd8 13. b3
Nd7 14. Nd5 Nc5 15. f3 f5 16. exf5 Bxf5 17. Bc3 Bh6 18. Bd2 {1/2-1/2 De Lange,
D-Malich,B/Leipzig 1960/EXT 99 (18)}) 11... Na5 12. b3 Ng4 13. fxg4 Bxc3 14.
Rc1 Nc6 15. Nd4 Bxd4 16. Bxd4 Nxd4 17. Qxd4 Qa5 18. Qb2 Rc7 19. h3 Rfc8 20. Kh1
Qg5 21. a4 {0-1 Garcia Martinez,S-Ostojic,P/Havana 1968/EXT 98 (39)}) (10...
Nd7 11. Qd2 Qa5 12. Rab1 f5 13. exf5 Bxf5 14. Bd3 Nde5 15. Bxf5 Rxf5 16. Qd5+
Nf7 17. Qxa5 Rxa5 18. b4 Nxb4 19. Nxb4 Bxc3 20. Nd5 Bf6 21. Rxb7 Rxa2 22. c5 {
1-0 Taimanov,M-Ghitescu,T/Bucharest 1973/EXT 99 (37)}) (10... Qc8 11. f3 (11.
Rc1 b6 12. Qd2 Qb7 13. b3 Rfd8 14. Kh1 a6 15. f3 Ne8 16. Na4 b5 17. Nb6 Ra7 18.
cxb5 axb5 19. Bxb5 Ne5 20. Nb4 Nc7 21. Bc6 Qb8 22. N6d5 {1-0 Santos,
L-Parakrama,A/Luzern 1982/EXT 97-B (35)}) 11... Nd7 (11... Ne8 12. Rc1 b6 13.
Qd2 Ne5 14. b3 f5 15. exf5 Bxf5 16. Nd4 Nf6 17. Nd5 Nxd5 18. cxd5 Qb7 19. h3
Bd7 20. f4 Nf7 21. Ne6 Rfc8 22. Nxg7 Kxg7 23. Bd4+ Kf8 24. Ba1 Rxc1 25. Qxc1
Ke8 26. Qc3 Kd8 27. Qg7 Be8 28. Bg4 {1-0 Portisch,L-Ofstad,P/Halle 1963/MCL 
(28)}) 12. Qd2 f5 13. exf5 Bxf5 14. Rac1 Nc5 15. b4 Ne6 16. Nd5 Rf7 17. Ne1
Ned4 18. Bd1 e5 19. Bg5 Kh8 20. Be3 Be6 21. b5 Ne7 22. Nc2 Ndf5 23. Bf2 Bh6 24.
Nce3 Bxd5 25. cxd5 Qd7 26. a4 Nxd5 27. Qxd5 Nxe3 28. Bxe3 Bxe3+ 29. Kh1 Bxc1
30. Bb3 $19 {1/2-1/2 Kristiansen,E-Barda,Y/Oslo 1974/MCL (30)}) 11. Bd2 (11. f3
Rfc8 12. Nd5 Bxd5 13. cxd5 Ne5 14. Na3 Ned7 15. Nc4 Qd8 16. a4 Ne8 17. a5 Nc7
18. Ra2 Na6 19. Qd2 Ndc5 20. Ra3 Qd7 21. b4 Na4 22. Rb1 Nc7 23. Qc2 b5 24. axb6
axb6 25. Rxa4 Qxa4 26. Qxa4 Rxa4 27. Nxb6 Ra3 28. Nxc8 Rxe3 29. Kf1 Bf6 30. b5
Rc3 31. b6 Nxd5 32. b7 {1-0 Jensen,J-Clerico,A/Aarhus 1997/EXT 99 (32)}) (11.
Nd4 Nxd4 12. Bxd4 Rfc8 13. b3 Ne8 14. Bxg7 Nxg7 15. Qd4 a6 16. f4 Qc5 17. Qxc5
Rxc5 18. Na4 Rc6 19. Rfd1 Rb8 20. e5 b5 21. Nb2 dxe5 22. fxe5 Nf5 23. Rd2 {
(...80.). 1/2-1/2 Abraham,I-Hakshenas,M/OLNO 1992/EXT 97-B (77)}) 11... Rfc8
12. Kh1 Qd8 13. f4 a6 14. Rc1 Rab8 15. Qe1 Bg4 $2 {[%mdl 16384] Only losing
two tempo.Better was} (15... b5 $1 16. cxb5 axb5 17. b4 $14) 16. Bd3 Bd7 17. b3
$16 e6 18. Qe2 Ne7 19. f5 $5 {[%mdl 512] Dubious pawn sacriface.} exf5 20. exf5
Bxf5 {Much stronger looks} (20... Nxf5 $1 21. Bxf5 Bxf5 22. Bg5 h6 $13 {
And white has only some pressure}) 21. Bxf5 gxf5 (21... Nxf5 22. g4 $1) 22.
Rce1 Rc7 23. Ne3 $44 Qd7 24. Qd3 Rc5 25. Ncd5 Nfxd5 26. Nxd5 Nxd5 27. cxd5 Qb5
28. Qg3 {Black's position is very dangerous.White has good prospects in the
king side,and many tactical resourses.} Kh8 29. Qxd6 (29. Rxf5 Rg8 (29... Rxd5
30. Rxf7 Rg8 31. Rxg7 Rxg7 32. Bc3 Re5 33. Bxe5 dxe5 34. Qxe5 Qxe5 35. Rxe5 Rc7
36. h3 $18) 30. Qxd6) 29... Rg8 30. Rxf5 Rc2 31. Rxf7 $2 {[%mdl 8192] Only
forced draw.After} (31. Bg5 $1 Re2 (31... Rxa2 32. Rxf7 $18) (31... Re8 32. Rg1
$1 Kg8 33. Bf6 $18) 32. Ref1 $18 {White is clearly winning.}) 31... Rxd2 32.
Rxg7 Rxg7 33. Qf8+ Rg8 34. Qf6+ Rg7 35. Qf8+ Rg8 36. Qf6+ Rg7 37. Qf8+ 1/2-1/2

[Event "EU-chT (Men) 12th"]
[Site "Batumi"]
[Date "1999.11.30"]
[Round "2.4"]
[White "Bistric, Faruk"]
[Black "Reinderman, Dimitri"]
[Result "0-1"]
[WhiteElo "2466"]
[BlackElo "2525"]
[Annotator "Alterman,B"]
[PlyCount "116"]
[EventDate "1999.11.06"]
[EventType "team-swiss"]
[EventRounds "9"]
[EventCountry "GEO"]
[SourceTitle "CBM 074"]
[Source "ChessBase"]
[SourceDate "2000.02.01"]
[SourceVersion "1"]
[SourceVersionDate "2000.02.01"]
[SourceQuality "1"]
[WhiteTeam "Bosnia&Herzegovina"]
[BlackTeam "Netherlands"]
[WhiteTeamCountry "BIH"]
[BlackTeamCountry "NED"]

1. c4 g6 2. e4 c5 3. Nf3 Bg7 4. d4 cxd4 5. Nxd4 Nc6 6. Nc2 Nf6 7. Nc3 O-O 8.
Be2 d6 9. O-O Nd7 10. Be3 Nc5 11. f3 (11. Nd4 Ne6 12. Nxe6 (12. Nb3 a5 (12...
b6 13. Qd2 Bb7 (13... Ba6 14. f4 Rc8 15. f5 Nc5 16. Nxc5 (16. Bh6 Ne5 17. Nxc5
Rxc5 18. Nd5 Nxc4 (18... Nd7 19. Rac1 $14 {1-0 Kluger,G-Sapi,L/HUN 1968 (53)})
19. Bxc4 Rxc4 20. Nxe7+ Qxe7 21. Bxg7 Rfc8 $15) 16... dxc5 17. Nd5 gxf5 18.
exf5 Nd4 19. Bd3 $14) 14. f3 Rc8 15. Rac1 $14 {1-0 Petrosian,T-Bilek,I/
Stockholm Interzonal 1962 (50)}) 13. Na4 Rb8 14. Bb6 Qe8 15. Nc3 Bxc3 16. bxc3
a4 17. Nd4 $14 {1-0 Bisguier,A-Chellstorp/Norristown 1973 (36)}) 12... Bxe6 13.
Qd2 Qa5 14. Rac1 Rfc8 (14... Rac8 15. Rfd1 Rfd8 16. b3 $14 {1/2-1/2 Panno,
O-Reshevsky,S/Palma de Mallorca 1971 (24)}) 15. b3 (15. f4 a6 16. a3 b5 17.
cxb5 axb5 18. f5 Bb3 19. fxg6 hxg6 20. Bg4 Rcb8 21. Qf2 Ne5 22. Be2 b4 $15 {
0-1 Gulicovski,K-Nikolic,Z/Vrnjacka Banja 1989 (60)}) 15... a6 16. Rfd1 $14)
11... a5 (11... Bxc3 12. bxc3 Qa5 13. Qe1 (13. Bh6 Qxc3 14. Bxf8 Kxf8 15. Kh1
Be6 16. Qc1 {1/2-1/2 Somlai,L-Laszlo,J/HUN tt 1992 (16)}) (13. Qd2 Be6 (13...
Na4 14. Bh6 Qxc3 (14... Re8 15. Nb4 Be6 16. Nd5 Ne5 17. Rab1 $132 {1/2-1/2
Stein,L-Kozma,J/Kislovodsk 1972/Inf 14 (42)}) 15. Qxc3 Nxc3 16. Bxf8 Nxe2+ 17.
Kf2 Kxf8 18. Kxe2 Be6 19. Ne3 $14 {1-0 Gaya,J-Martin,A/Spain tch 1994 (42)})
14. Nd4 Rac8 15. Rab1 b6 16. Bh6 Rfe8 17. Rb5 Qa3 $15 {0-1 Stein,L-Kapengut,A/
USSR (ch) 1971/Inf 12 (47)}) 13... Na4 14. Bh6 Re8 15. Nb4 Be6 16. Nd5 Ne5 17.
Kh1 f6 18. Rb1 Nc5 $132 {1/2-1/2 Kostka-De la Vega,H/Buenos Aires 1975 (63)}) (
11... Bd7 12. Qd2 Rc8 13. Rab1 Ne5 14. Nb4 (14. b3 $14) (14. Nd4 $14) 14... b6
15. Rfd1 f5 16. exf5 $132 (16. Nbd5 fxe4 (16... Nf7 17. Rbc1 fxe4 18. Nxe4 Nxe4
19. fxe4 e6 20. Nf4 Qe7 $11 {1-0 Peptan,C-Apkhaidze,N/Euch-16g Szombathely
1993 (49)}) 17. fxe4 Ne6 $15)) (11... Be6 12. Qd2 a5 13. b3 (13. Rab1 a4 (13...
Re8 14. b3 Rc8 15. Rfd1 Qc7 16. Nd5 $14 {1-0 Musat,A-Annus,T/ch World cadets 
(under 1994 (33)}) 14. Nd4 Nxd4 15. Bxd4 Bxd4+ 16. Qxd4 Qb6 17. Rfd1 Nd7 $11 {
1/2-1/2 Buhr,C-Reeh,O/Hamburg GER 1999 (32)}) 13... f5 14. Rad1 f4 15. Bf2 b6
16. Kh1 Be5 17. Rg1 $14 {1-0 Christen,P-Nemet,I/Zurich M 1994 (38)}) (11... f5
12. exf5 gxf5 (12... Bxf5 13. Nd4 (13. Qd2 a5 14. Rad1 (14. b3 Bxc2 15. Qxc2
Nd4 16. Bxd4 Bxd4+ 17. Kh1 $11) 14... a4 15. Nd4 $14 {1/2-1/2 Pletanek,J-Tupy,
M/CZE-chT2 1995 (21)}) 13... Kh8 14. Qd2 Rc8 15. Rac1 a6 {1/2-1/2 Espig,
L-Ribli,Z/Kecskemet 1972 (15)} 16. Nxf5 $14) 13. Qd2 Be6 14. Rad1 Qe8 15. b3 f4
16. Bf2 Qg6 17. Kh1 Bf5 18. Nd4 $14 {1-0 Stein,L-Janosevic,D/Vrnjacka Banja
1971/Inf 11 (37)}) 12. Qd2 a4 13. Rf2 {Unnatural move} (13. Rad1 Qa5 14. Nd4 (
14. Na3 Bxc3 15. bxc3 Be6 $11) (14. Bh6 Bxh6 (14... Be6 15. Bxg7 Kxg7 16. f4 f6
17. Ne3 Bf7 18. h4 $14 {1-0 Likavsky,T-Sorensen,J/Komercni Banka, Pardubice
CZE 1997 (52)}) 15. Qxh6 Qb6 16. Qe3 f5 (16... Qxb2 17. Rb1 Qxc2 18. Rfc1 Qxc1+
19. Rxc1 $14) 17. Rb1 fxe4 18. Nxe4 Bf5 $11) 14... Nxd4 15. Bxd4 Bxd4+ 16. Qxd4
Ne6 17. Qd2 $14) 13... Qa5 14. Na3 $6 (14. Nd4 $5 a3 15. b3 f5 16. exf5 Bxf5
17. Rc1 Nxd4 18. Bxd4 Bxd4 19. Qxd4 Ne6 20. Qd2 $14 (20. Qe3 Qc5 $11)) 14...
Ne6 $6 (14... Bd7 15. Nab5 $14) (14... Bxc3 $1 15. bxc3 Be6 $132) 15. Nab5 $14
Bd7 (15... Qb4 16. Rd1 $14) 16. Bf1 Nb4 $2 $16 (16... f5 $14) 17. h4 $6 {
Not spirit of a position} (17. f4 $142 $5 Rfc8 (17... f5 18. exf5 Rxf5 (18...
gxf5 19. a3 Na6 (19... Nc6 20. c5 $16 {[%csl Rd7]}) 20. Qd5 Rab8 (20... Nac7
21. Qxb7 Rab8 22. Qf3 Nxb5 23. Nxb5 $16) 21. Bd3 $16) 19. a3 Na6 20. Bd3 Rf7
21. f5 gxf5 22. Bxf5 Raf8 23. Raf1 $16) (17... Bxb5 $1 18. Nxb5 a3 19. Nxa3 Nc5
$1 (19... Bxb2 20. Qxb2 Qxa3 21. Bc1 Qxb2 (21... Qa4 22. f5 $16) 22. Rxb2 Nc6
23. Rxb7 Nc5 24. Rc7 Rfc8 25. Rxc8+ Rxc8 26. e5 dxe5 27. Ba3 Ne4 28. fxe5 Nxe5
29. Bxe7 Nxc4 30. a4 $16) 20. Bxc5 Qxc5 (20... dxc5 21. e5 Rfd8 22. Qe3 $14)
21. Kh1 Rxa3 22. bxa3 Nd3 23. Bxd3 Bxa1 24. Rf1 Bd4 25. Rb1 (25. Qb4 Qxb4 26.
axb4 Ra8 $11) 25... b6 $44) 18. f5 Nc7 19. f6 $1 Bxf6 (19... Nxb5 20. cxb5 Bxf6
21. a3 $16) 20. Nxd6 exd6 21. Rxf6 Ne8 22. Rf2 $16) 17... Bxb5 18. Nxb5 (18.
cxb5 $2 a3 19. bxa3 Qxa3 20. Rc1 Rfc8 $17) 18... Nc6 $6 (18... a3 $5 19. Nxa3 (
19. bxa3 Nd3 (19... Bxa1 20. axb4 Qa4 21. f4 Bf6 $15) 20. Bxd3 Qxd2 21. Rxd2
Bxa1 $17) 19... Bxb2 20. Qxb2 Qxa3 21. Bc1 Qa4 22. Rb1 Nc6 (22... Nxa2 23. Ra1
$18) 23. Be3 Rfb8 $11) 19. Qd1 (19. Rd1 Qxd2 20. Rfxd2 $14) 19... Kh8 20. Rc1
f5 21. exf5 gxf5 (21... Rxf5 22. Bd3 Rff8 23. f4 $14) 22. Re2 (22. f4 Nc5 $11)
22... Be5 23. Qd2 (23. Rb1 Bg3 (23... Nf4 24. Re1 Rg8 25. Qc1 Ne6 (25... Nh3+
26. Kh1 f4 27. Bd2 (27. gxh3 fxe3 28. Qxe3 Raf8 $15) 27... Qb6 28. c5 Nf2+ 29.
Kh2 (29. Kg1 dxc5 30. Bc4 Nd3 31. Bxd3 c4+ 32. Be3 fxe3 33. Qxc4 e2+ 34. Kh1
Qf2 35. Rxe2 Qg3 $19) 29... dxc5 30. Bxf4 (30. Bc4 Rad8 (30... Rgf8 31. Rf1 $18
) 31. Bxf4 (31. Bxg8 Nd3 $15) 31... Bxf4+ 32. Qxf4 Rg7 33. Re2 Nd3 34. Bxd3
Rxd3 35. Qxa4 $16) 30... Bxf4+ 31. Qxf4 $16) 26. Kh1 (26. f4 Bf6 27. Bf2 Nc5
$132) 26... Ng7 (26... Bg3 27. Bd2 $18) 27. Bf2 $14) 24. Kh1 Rf6 $132) 23...
Qxd2 24. Rxd2 Bg3 25. h5 {The pawn H was tore off from the main forces and
eventually will be taken} (25. Bf2 Bf4 $17) 25... Rf6 (25... f4 26. Bf2 (26.
Bd4+ Nexd4 27. Nxd4 Ne5 28. c5 $132) 26... Rf5 27. Rd5 Bxf2+ 28. Kxf2 Ne5 29.
Nd4 Nxd4 30. Rxd4 Raf8 31. h6 R8f6 32. c5 $132) 26. Nc3 f4 27. Bf2 Bxf2+ 28.
Kxf2 Rh6 29. Rd5 $5 (29. Re1 $5 Ng7 30. Nd5 e5 31. Nc7 Rd8 32. Nb5 Nf5 33. Bd3
Nfd4 34. Be4 d5 $1 35. Bxd5 (35. Bc2 dxc4 36. Bxa4 Nb4 37. Nxd4 Rxd4 38. Rxd4
exd4 39. Re8+ Kg7 40. Re7+ Kf6 41. Rxb7 Nd3+ 42. Kg1 Rxh5 43. Rb6+ Kg5 (43...
Ke7 44. Rb7+ Kd6 45. Rb6+ Ke7 (45... Kc7 46. Rc6+) 46. Rb7+ Kd6 $11 (46... Kd8
47. Rd7+)) 44. Bc2 $132) 35... Nxb5 36. cxb5 Nb4 37. Rxe5 Rhd6 38. Rd4 Nxd5 (
38... Rxd5 39. Rexd5 Nxd5 40. Rxa4 $44) 39. Rxa4 Rb6 40. Rd4 Rxb5 41. a4 (41.
b4 Kg7 42. a4 Kf6 43. Rxf4+ $1 Kxe5 44. Re4+ Kf6 45. axb5 Nc3 $17) 41... Rxb2+
42. Kg1 Rg8 43. Rexd5 Rgxg2+ $15) 29... Ne5 30. Ne4 $6 $15 (30. Rb5 Nc5 31. Rd1
Rxh5 32. Nd5 Ng6 33. Re1 e5 34. Rd1 $44 {[%csl Rd6,Rh5]}) 30... Nc7 (30... Rxh5
31. Rb5 (31. c5 Ng4+) 31... Ra7 32. Rd1 Kg7 $15) 31. Rd4 Nc6 (31... Rxh5 $15)
32. Rd2 Rxh5 {For white there is no pawn, there is no also compensation} 33.
Nc3 (33. Re1 Kg7 $15) 33... Ne6 (33... Rg5 34. Re1 Re5 35. Rxe5 Nxe5 $15) 34.
Re1 (34. Nd5 Re8 $15) 34... Re5 35. Rd5 $6 $17 (35. Rxe5 Nxe5 36. Nd5 Re8 (
36... Ng6 37. Nxe7 $1 Nxe7 38. Re2 $14) 37. b4 Kg7 (37... axb3 38. axb3 Kg7 39.
Ra2 $15) 38. a3 $15) 35... Rxe1 36. Kxe1 Kg7 37. Bd3 $2 $19 {The last mistake
in the game} (37. Rb5 Nc5 38. Nd5 (38. Kd2 e6 $17) 38... Rf8 39. Kd2 (39. b4
axb3 40. axb3 Nd4 $19 {[%csl Rb3]}) 39... e6 40. Nc3 Kf6 $17) 37... Nb4 38. Kd2
Nxd5 39. Nxd5 Kf7 (39... a3 40. b4 Re8 $19) 40. Bxh7 Rh8 41. Bf5 Nd4 42. Be4 e5
43. Kc3 a3 44. b4 (44. bxa3 Ne6 45. Nb6 Nc5 $19) 44... Rh1 45. b5 Ne6 46. Nb4
Nc5 47. Bd5+ Ke7 48. Nc2 Rc1 49. Kd2 Rg1 50. Ne1 Kd7 51. Ke2 Kc7 52. Kf2 Rh1
53. Nc2 Kb6 (53... Rb1 $19) 54. Ke2 Rg1 55. Ne1 Ka5 56. Kf2 Rh1 57. Bf7 b6 58.
Bg6 Kb4 0-1

[Event "NED-ch54"]
[Site "Rotterdam "]
[Date "1999.06.03"]
[Round "5"]
[White "Van der Wiel, John"]
[Black "Cifuentes Parada, Roberto"]
[Result "1/2-1/2"]
[WhiteElo "2526"]
[BlackElo "2529"]
[Annotator "Alterman,B"]
[PlyCount "99"]
[EventDate "1999.05.29"]
[EventType "tourn"]
[EventRounds "11"]
[EventCountry "NED"]
[EventCategory "12"]
[SourceTitle "CBM 072"]
[Source "ChessBase"]
[SourceDate "1999.10.01"]
[SourceVersion "1"]
[SourceVersionDate "1999.10.01"]
[SourceQuality "1"]

1. e4 c5 2. Nf3 Nc6 3. d4 cxd4 4. Nxd4 g6 5. c4 Nf6 6. Nc3 d6 7. Nc2 Bg7 8. Be2
Nd7 9. O-O Nc5 $6 (9... Bxc3 10. bxc3 Qa5 $13 {More principal.}) 10. f3 O-O 11.
Be3 f5 (11... Bxc3 12. bxc3 Qa5 13. Qe1 {1/2-1/2 Benko,P-Matulovic,M/Vrsac
1969/MCD (13)} (13. Qe1 Be6 14. Nb4 (14. Nd4) 14... Rac8 15. Nd5 Rfe8 16. Kh1
Ne5 17. Bd4 (17. f4 $2 Nxc4 18. Bxc4 Nxe4 $19) 17... Ncd7 18. Qh4 f6 19. f4
Nxc4 20. Bg4 Bxg4 21. Qxg4 e6 $1 22. Rab1 (22. Nxf6+ $2 Nxf6 23. Bxf6 Ne3)
22... exd5 $2 (22... b6 23. Rf3) 23. Qxd7 {1/2-1/2 Furman,S-Smejkal,J/Wijk aan
Zee 1975/MCL/[Bulletin] (40)})) (11... a5 12. Qd2 a4 13. Kh1 Be6 14. Bh6 f6 15.
Be3 f5 16. exf5 Bxf5 17. Nd4 Nxd4 18. Bxd4 Bxd4 19. Qxd4 e5 20. Qd2 Ra6 21.
Rad1 Be6 22. Nb5 {1-0 Geller,E-Simagin,V/Kislovodsk 1966/MCL (35)}) 12. exf5
gxf5 (12... Bxf5 13. Nd4 Nxd4 14. Bxd4 Bh6 {1/2-1/2 Farago,S-Orso,M/Budapest
1994/EXT 97 (14)}) 13. Qd2 Kh8 (13... Ne6 14. f4 Nc7 15. Rad1 Be6 16. Nd4 Kh8
17. Rf3 Bg8 18. Rh3 Qe8 19. Qe1 Nxd4 20. Bxd4 Bxd4+ 21. Rxd4 Ne6 22. Qf2 Nxd4
23. Qxd4+ Rf6 24. Nd5 {1/2-1/2 Blom,K-Andersen,B/Aarhus 1959/MCD (68)}) 14.
Rad1 a5 15. Kh1 b6 16. Nd5 $5 (16. Nd4 Bd7 17. Rfe1 $16 (17. Nxc6 Bxc6 18. Bd4
{[%csl Rh8]})) 16... Bd7 (16... Bxb2 17. Rb1 {[%csl Rb6][%cal Gb1b6]}) 17. b3
Rb8 18. Rfe1 Be6 19. Bf1 Bg8 20. Bg5 {[%mdl 16384] Another plan is: to
exchange the minor pieces, because after some exchanging black king will feel
unpleasant and white may orginase a pressure over"d" and "e" files .} (20. Nd4
Nxd4 21. Bxd4 {[%cal Re1e7,Rd1d8,Gd4g7,Yd5e7,Yd5b6]}) 20... Ne6 $6 (20... Rb7
$1 21. a3 $5 Nxb3 22. Qe3 Nc5 23. Nxe7 f4 $1) 21. Bh4 f4 22. Re4 Be5 23. b4 $1
{Now white develop a strong initiative.} Ng7 (23... axb4 24. Ncxb4 Nxb4 25.
Bxe7) 24. b5 Bxd5 25. cxd5 Na7 26. Bg5 Nh5 27. Nd4 Qd7 28. Ne6 Rg8 29. Rc1 (29.
Bxf4 Nxf4 30. Nxf4 Nxb5) 29... Rbc8 30. Rxc8 Rxc8 31. Nxf4 Nf6 32. Rc4 $6 {
[%mdl 8192]} (32. Bxf6+ $1 Bxf6 33. Ne6 Nxb5 34. Qh6 $1 {[%csl Rh7]} Qe8 $8 35.
Rg4 $1 Nc7 36. Rg7 $18 (36. Bd3)) 32... Rxc4 33. Bxc4 Nxb5 34. Ne6 Nc7 35. f4 (
35. Bxf6+ $1 Bxf6 (35... exf6 36. f4 Ba1 (36... Nxe6 37. dxe6 Qc6 38. Qd5 $3
$18) 37. Qc1 $18) 36. Qh6 Nxe6 37. Bd3 $18) 35... Ne4 36. Qc2 Nxe6 37. dxe6 Qc6
38. fxe5 (38. Bxe7 Bd4 39. Bh4 d5 40. Bb3 Qxe6 $14 {[%cal Ge4f2]}) 38... d5 39.
Bxe7 Qxc4 40. Qxc4 dxc4 41. Bd8 Kg8 42. Bxb6 c3 43. Kg1 c2 44. Be3 Nc3 45. a3
Kf8 46. Bg5 Na2 47. Kf2 c1=Q 48. Bxc1 Nxc1 49. Ke3 Ke7 50. Kd4 1/2-1/2

[Event "Riga zt"]
[Site "Riga"]
[Date "1995.??.??"]
[Round "9"]
[White "Fridman, Daniel"]
[Black "Rausis, Igors"]
[Result "1/2-1/2"]
[WhiteElo "2440"]
[BlackElo "2495"]
[Annotator "Belov,I"]
[PlyCount "126"]
[EventDate "1995.03.??"]
[EventType "tourn"]
[EventRounds "13"]
[EventCountry "LAT"]
[EventCategory "10"]
[SourceTitle "CBM 047"]
[Source "ChessBase"]
[SourceDate "1995.08.01"]
[SourceVersion "1"]
[SourceVersionDate "1995.08.01"]
[SourceQuality "1"]

1. Nf3 c5 2. c4 g6 3. d4 cxd4 4. Nxd4 Bg7 5. Nc3 (5. e4 $5 Nc6 6. Be3 Nf6 7.
Nc3 {-B38}) 5... Nc6 6. Nc2 (6. e3 Nf6 (6... Nxd4 7. exd4 Nh6 8. Bd3 $14) 7.
Be2 (7. Nc2 Qa5 8. Bd2 Qe5 9. Be2 d5 $13 {Tibensky,R-Glyanets,A/Ceske
Budejovice/1992/}) 7... O-O 8. Nc2 (8. O-O d6 9. b3 (9. Bf3 Ne5 10. Be2 $10)
9... d5 $5 (9... Bd7 10. Bb2 a6 11. Qd2 Qa5 12. Rfd1 $14) 10. Nxc6 bxc6 11. Bb2
Be6 (11... e5 12. Na4 Qe7 13. Rc1 $14) 12. cxd5 cxd5 13. Na4 Qd6 14. Rc1 Rfc8
15. Qd4 $14 {Belov,I-Cseshkovsky,V/Cappelle la Grande(5)/1995/0,5/20/}) 8... d6
9. O-O Nd7 (9... Be6 10. e4 Nd7 11. Bd2 Nc5 12. f3 a5 $10) 10. Bd2 $1 a5 11.
Rb1 Nc5 12. f3 f5 13. b3 Be6 $13 {Skembris,S-Giffard,N/Cannes/1993/1:0/63/})
6... Bxc3+ $5 7. bxc3 Qa5 8. Bd2 Nf6 9. f3 d6 (9... Ne5 10. e4 d6 11. Ne3 b6
12. Nd5 Nxd5 13. cxd5 O-O 14. f4 Nd7 15. c4 Qa3 16. Qc2 Nc5 $10 {Taimanov,
M-Kupreichik,V/Leningrad URS-ch/1974/0,5/52/}) (9... d5 10. cxd5 Qxd5 11. e4
Qc5 12. Qe2 O-O 13. Qe3 Qxe3+ 14. Bxe3 b6 $10 {Stein,L-Matulovic,M/Sousse(izt)/
1967/}) (9... Qa4 10. e4 b6 11. Qb1 Bb7 12. Ne3 Ba6 13. Be2 Rc8 14. Qb3 Qa5 $10
{Korchnoi,V-Taimanov,M/URS/1967/}) 10. e4 Be6 (10... Qa4 11. Nb4 Qxd1+ 12. Rxd1
Be6 13. Nd5 Rc8 14. Be3 $2 (14. Nxf6+ exf6 15. Bf4 $15) 14... Nd7 $17 {Kamsky,
G-Alburt,L/Philadelphia/1993/0,5/54/}) (10... O-O 11. Ne3 b6 12. Be2 $6 (12.
Nd5) 12... Ba6 13. Rb1 Qc5 14. O-O Rac8 $15 {Boensch,U-Stohl,I/Stara Zagora(zt)
/1990/0:1/31/}) 11. Ne3 Rc8 12. Nd5 (12. Rb1 b6 13. Qc2 Nd7 14. Rb5 Qa6 15. Nf5
Bxf5 16. exf5 Nd4 $1 17. cxd4 Qxb5 18. c5 Qc6 $17 {Chabanon,JL-Steingrimsson,H/
Reykjavik FRA-ISD(08)/1993/0:1/41/}) 12... Nd7 13. Rb1 Nce5 $6 (13... b6 14.
Qc2 Nc5 15. Be2 O-O 16. O-O $14) 14. Rxb7 Nxc4 15. Bxc4 Rxc4 16. Qb3 Bxd5 17.
exd5 Rc8 (17... Qxd5 $2 18. Rb8+ Nxb8 19. Qxb8+ Kd7 20. Qxh8 $18) (17... Rc5
18. c4 (18. O-O $5 Rxd5 19. Be3 $36) 18... Qa6 19. Be3 Rxc4 20. Rxa7 Qc8 $13)
18. c4 Qd8 (18... Qa6 19. Qb5 Qxb5 20. cxb5 $16) (18... Qc5 19. Qa4 Rc7 20.
Rb8+ Rc8 21. Rxc8+ Qxc8 22. Qxa7 $16) 19. Qa4 Rc7 $8 (19... Rb8 20. Qxd7+ Qxd7
21. Rxb8+ Qd8 22. Rxd8+ Kxd8 $18) 20. Ba5 Rxb7 21. Bxd8 Kxd8 $16 22. Kf2 Kc8
23. Re1 Nc5 24. Qa3 (24. Qc6+ $2 Kb8 25. Rxe7 Rxe7 26. Qxd6+ Rc7 $19) 24... Kb8
25. Kg3 Ka8 26. Qc3 f6 27. Re2 (27. h4 Rhb8 28. Qe3) 27... g5 $5 28. Qc2 a6 29.
Qf5 h5 (29... Ka7 $5 30. h4 gxh4+ 31. Kxh4 Rc7) 30. h4 gxh4+ 31. Kxh4 Rhb8 (
31... Ka7 32. Qg6 Rc8 33. Kxh5) 32. Re3 $6 (32. Qxh5) 32... Rc7 33. Qxh5 Rbb7
34. g4 Ka7 35. Kg3 $2 (35. Qf5 Na4 36. Re4 Nb2 37. Qf4 $16) 35... Na4 36. Rb3
Nb6 $132 37. Rb4 a5 38. Rb5 Ka6 39. Qe8 Rxc4 40. Rb2 Rc5 41. Rd2 Ka7 (41...
Rxd5 $6 42. Rxd5 Nxd5 43. Qc6+ Nb6 44. f4 d5 45. g5 fxg5 46. fxg5 e5 47. g6 d4
48. Qxb7+ Kxb7 49. g7 $18) 42. Qf7 Nc4 43. Rf2 $2 (43. Rd4 $5 e5 $6 44. dxe6
Rxf7 45. exf7 Rc8 46. Rxc4 $16) 43... Ne3 $1 44. Qe6 (44. Rd2 Nf1+) 44... Nxd5
$13 45. Rh2 Nb6 46. Rh5 d5 47. Rh8 Rcc7 (47... Rd7 $2 48. Rb8 $1 Kxb8 49. Qxb6+
$18) 48. Rd8 a4 (48... Rd7 $5) 49. Qe1 Ka6 50. f4 Rd7 $1 51. Qe2+ Ka7 52. Rxd7
Rxd7 53. Qe6 (53. g5 fxg5 54. fxg5 d4 55. g6 d3 56. Qd1 e5 $17) 53... d4 54.
Kf2 $8 Ka6 55. g5 fxg5 56. fxg5 d3 57. Ke1 Rd6 $1 (57... Kb5 58. g6 d2+ 59. Kd1
Nc4 60. Qxd7+ $18) 58. Qe4 (58. Qxe7 $2 d2+ 59. Kd1 Nc4 60. Qe2 Kb5 61. g6 Kb4
$19) 58... d2+ 59. Kd1 Kb5 60. Qxe7 Nc4 61. Qxd6 $8 Nxd6 62. g6 Nf5 63. Kxd2
Kc4 1/2-1/2